000 01662cas a2200469 a 4500
008 130321u19601999cu qr p 0 0spa c
022 _a0008-7157
040 _aEG-GiCUC
_bspa
_cEG-GiCUC
043 _acl-----
_anwcu---
050 0 0 _aPN6
_b.C3
050 1 4 _aAP63
_b.C26
082 0 0 _a860.809805
_219
092 0 4 _a860.809805
_bC3342
_221
099 _a04
_a860.809805 C3342
222 0 _aCasa de las Américas.
245 1 0 _aCasa de las Americas.
246 1 3 _aLa revista Casa de las Americas.
246 1 3 _aRevista de las Americas
246 3 0 _aCasa
260 _aLa Habana, Cuba :
_bLa Casa de las Americas,
_cc1960-
300 _av. :
_bill. ;
_c23 cm.
310 _atrimestral, 1991-
362 0 _aVol. 1, n. 1 (jun./jul.)- .
500 _aEn 1969 la Biblioteca Nacional José Martí publica un índice de los años 1960/1967.
500 _aTít. tomado de la cub.
610 2 0 _aCasa de las Americas
_vPeriodicals.
650 0 _aCuban literature
_vPeriodicals.
650 0 _aCuban literature
_xHistory and criticism
_vPeriodicals.
650 0 _aLatin American literature
_vPeriodicals.
650 0 _aLatin American literature
_xHistory and criticism
_vPeriodicals.
650 0 _aLiterature
_vPeriodicals.
653 _aCultura.
653 _aLiteratura hispanoamericana.
710 2 _aCasa de las Americas.
776 0 8 _iOnline version:
_tRevista Casa de las Amâericas
780 0 0 _aCasa de las Americas.
_tCasa de las Americas
785 0 0 _tCasa de las Amâericas (Havana, Cuba : 1994)
905 _aJamal
_eCat.
905 _eRev.
942 _2ddc
_cBK
999 _c128794
_d128794